Java how to program, 7th edition / (Record no. 4717)
[ view plain ]
| 000 -LEADER | |
|---|---|
| fixed length control field | 01187nam a2200193 a 4500 |
| 020 ## - INTERNATIONAL STANDARD BOOK NUMBER | |
| ISBN | 0132222205 (paperback) |
| 020 ## - INTERNATIONAL STANDARD BOOK NUMBER | |
| ISBN | 9780132222204 (paperback) |
| 100 1# - MAIN ENTRY--AUTHOR NAME | |
| Personal name | Deitel, Harvey M. |
| 245 10 - TITLE STATEMENT | |
| Title | Java how to program, 7th edition / |
| 250 ## - EDITION STATEMENT | |
| Edition statement | 7th ed. |
| 260 ## - PUBLICATION, DISTRIBUTION, ETC. (IMPRINT) | |
| Place of publication | [S.l.] : |
| Name of publisher | Prentice Hall, |
| Year of publication | 2007. |
| 300 ## - PHYSICAL DESCRIPTION | |
| Number of Pages | 1500 p. ; |
| 520 ## - SUMMARY, ETC. | |
| Summary, etc | For introductory courses in Java Programming/CS 1 and for Intermediate/Advanced Java Programming courses. The Deitels' groundbreaking How to Program series offers unparalleled breadth and depth of object-oriented programming concepts and intermediate-level topics for further study. This survey of Java programming contains an extensive OOD/UML 2 case study on developing an automated teller machine. The Seventh Edition has been extensively fine-tuned and is completely up-to-date with Sun Microsystems, Inc.'s latest Java release-Java Standard Edition (Java SE) 6. |
| 700 1# - ADDED ENTRY--PERSONAL NAME | |
| Personal name | Deitel, Paul J. |
| 856 40 - ELECTRONIC LOCATION AND ACCESS | |
| Uniform Resource Identifier | http://www.amazon.com/exec/obidos/ASIN/0132222205/chopaconline-20 |
| Withdrawn status | Lost status | Home library | Current library | Date acquired | Cost, normal purchase price | Full call number | Accession Number | Koha item type |
|---|---|---|---|---|---|---|---|---|
| Central Library, QUEST, Nawabshah | Central Library, QUEST, Nawabshah | 30/05/2014 | 1536.00 | 005.133DEI | 39630 | Books | ||
| Central Library, QUEST, Nawabshah | Central Library, QUEST, Nawabshah | 30/05/2014 | 1536.00 | 005.133DEI | 39631 | Books |